Verhalen. (Record no. 5692)

MARC details
000 -LEADER
fixed length control field 00907cam a22002171 4500
001 - CONTROL NUMBER
control field af 48003638
003 - CONTROL NUMBER IDENTIFIER
control field DLC
005 - DATE AND TIME OF LATEST TRANSACTION
control field 20260227110903.0
008 - FIXED-LENGTH DATA ELEMENTS--GENERAL INFORMATION
fixed length control field 890426s1944 be a 000 1 dut c
010 ## - LIBRARY OF CONGRESS CONTROL NUMBER
LC control number af 48003638
035 ## - SYSTEM CONTROL NUMBER
System control number (OCoLC)19609820
040 ## - CATALOGING SOURCE
Original cataloging agency California. Univ. Libr.
Transcribing agency CU
Modifying agency DLC
042 ## - AUTHENTICATION CODE
Authentication code premarc
050 00 - LIBRARY OF CONGRESS CALL NUMBER
Classification number PT6465.W4
Item number V4
100 1# - MAIN ENTRY--PERSONAL NAME
Personal name Woestijne, Karel van de,
Dates associated with a name 1878-1929.
245 10 - TITLE STATEMENT
Title Verhalen.
Statement of responsibility, etc. Versierd met 4 droge-naaldetsen door P. Gorus.
260 ## - PUBLICATION, DISTRIBUTION, ETC.
Place of publication, distribution, etc. [Antwerpen]
Name of publisher, distributor, etc. Standaard-Boekhandel,
Date of publication, distribution, etc. 1944.
300 ## - PHYSICAL DESCRIPTION
Extent 91 p.
Other physical details illus.
Dimensions 28 cm.
500 ## - GENERAL NOTE
General note "Van deze acht verhalen, geschreven in 1923, werden er drie (Een Brief, De Ontmoeting, De Vrijheid) omgewerkt en opgenomen in den bundel 'Beginselen der Chemie,' de overige vijf zijn onuitgegeven."
505 0# - FORMATTED CONTENTS NOTE
Formatted contents note De moord.--Roman.--Het chocoladen hart.--Het late bezoek.--Een brief.--De ontmoeting.--De inbreker.--De vrijheid.

No items available.

Powered by Koha